00813cam a2200253 i 45000010008000000030007000080050017000150080041000320200038000730400031001110420009001420660007001510840018001581000019001762450133001952460071003282500011003992600034004103000030004444900018004746500024004926500025005168300018005412312173YEEZEN20241230153719.0230801s2023 ch a g 000 0 chi d a9786263104501q(平裝) :cNT$380 aNDHUbchicNDHUdNDHUeccr anbic c$1 a580.32ncsclt1 a張瑜鳳e著10a章魚法官的家庭法學課 :b法官媽媽 + 律師爸爸 + 搞笑兒女的「法律家庭生活幽默劇」 /c張瑜鳳著1 a法官媽媽律師爸爸搞笑兒女的法律家庭生活幽默劇 a初版 a臺北市 :b麥田, c2023.6 a291面 :b圖 ;c21公分1 a人文 ;v31. 7a法律教育2csht. 7a法學素養2lcstt. 0a人文 ;v31.